|
|
|
|
| LEADER |
01537nam a2200385 a 4500 |
| 001 |
000063514 |
| 003 |
CZ BrMZK |
| 005 |
20211110161956.0 |
| 007 |
ta |
| 008 |
950313s1996 xr f fl 0 cze d |
| 015 |
|
|
|a cnb000118059
|
| 020 |
|
|
|a 80-7201-003-4
|
| 040 |
|
|
|a BOA001
|b cze
|
| 043 |
|
|
|a e-xr---
|
| 072 |
|
7 |
|a 347.9
|x Občanské soudní řízení. Soudnictví
|2 Konspekt
|9 16
|
| 080 |
|
|
|a 347.9
|2 MRF
|
| 080 |
|
|
|a (437.3)
|2 MRF
|
| 080 |
|
|
|a (035)
|2 MRF
|
| 080 |
|
|
|a (094.5)
|2 MRF
|
| 080 |
|
|
|a (0.072)
|2 MRF
|
| 100 |
1 |
|
|a Winterová, Alena,
|d 1938-
|7 jn20001005628
|4 aut
|
| 245 |
1 |
0 |
|a Občanský soudní řád a předpisy souvisící :
|b [podle stavu k 1.1.1996] /
|c text právních předpisů uspořádali, poznámkami opatřili a judikaturou k příslušným ustanovením sestavili Alena Winterová, Josef Rubeš, Milan Pokorný
|
| 250 |
|
|
|a 6. podst. přeprac. a dopl. vyd.
|
| 260 |
|
|
|a Praha :
|b Linde,
|c 1996
|
| 300 |
|
|
|a 606 s. ;
|c 21 cm
|
| 650 |
0 |
7 |
|a občanské soudní řízení
|7 ph123637
|z Česko
|2 czenas
|
| 655 |
|
7 |
|a příručky
|7 fd133209
|2 czenas
|
| 655 |
|
7 |
|a zákony
|7 fd133886
|2 czenas
|
| 655 |
|
7 |
|a komentáře
|7 fd132578
|2 czenas
|
| 700 |
1 |
|
|a Pokorný, Milan
|7 ola2004231391
|4 aut
|
| 700 |
1 |
|
|a Rubeš, Josef,
|d 1913-1994
|7 jk01102973
|4 aut
|
| 910 |
|
|
|a BOA001
|b 2-1019.659
|
| 990 |
|
|
|a BK
|
| 996 |
7 |
|
|b 2610035422
|c 2-1019.659
|l MZK
|r Sklad / do 1 hodiny
|n 27
|p p.v.
|w 000063514
|u 000010
|a 1
|e BOA001
|j MZK50
|s A
|
| 996 |
6 |
|
|b 2610038129
|c 2-1019.659
|l MZK
|r Sklad / do 1 hodiny
|n 6
|p p.v.
|w 000063514
|u 000030
|a 1
|e BOA001
|j MZK50
|s P
|